Nietzsche en el horizonte de la contemporaneidad: el diseño de una nueva sensibilidad hermenéutica

Uloženo v:
Podrobná bibliografie
Hlavní autor: Rujana Quintero, Miguel (Autor)
Médium: Kniha
Jazyk:španělština
Vydáno: Bogotá Siglo del Hombre 2002
Edice:Biblioteca Universitaria. Ciencias Sociales y Humanidades. Filosofía
Témata:
Tagy: Přidat tag
Žádné tagy, Buďte první, kdo vytvoří štítek k tomuto záznamu!

MARC

LEADER 00000nam a2200000 a 4500
001 UCK1605
003 CL-VaPUC
008 041119e20020000CK |||||||||||||||||spa|d
020 |a 9586650448 
082 0 4 |a 193  |b RUJ  |2 21 
100 0 |a Rujana Quintero, Miguel  |e author  |9 489516 
245 1 0 |a Nietzsche en el horizonte de la contemporaneidad: el diseño de una nueva sensibilidad hermenéutica 
300 |a 246 p 
942 |c BK 
945 |d 20041119 00:00:00  |a cmena 
260 |a Bogotá  |b Siglo del Hombre  |c 2002 
650 0 |a Filosofía alemana   |9 265002 
650 0 |a Escuelas filosóficas   |9 266232 
650 0 |a Hermenéutica  |9 269473 
650 0 |a Crítica e interpretación   |9 255042 
583 |a last modification  |c 20041119 00:00:00  |k Rodrigo Vera 
490 0 |a Biblioteca Universitaria. Ciencias Sociales y Humanidades. Filosofía 
999 |c 311509  |d 311507 
952 |0 0  |1 0  |4 0  |6 193_000000000000000_RUJ_2002  |7 0  |8 A  |9 380943  |a BIBEDU  |b BIBEDU  |d 2019-11-21  |i 4059913  |o 193 RUJ 2002  |p 4059913  |r 2019-11-21  |w 2019-11-21  |y BK  |k FIL